ნორმალური ფორმატი
MARC ფორმატი
ჩანაწერი Personal Name
ჩანაწერთა რაოდენობა, რომელიც გამოყენებულია: 2
001 - CONTROL NUMBER
- control field: 8639
003 - CONTROL NUMBER IDENTIFIER
- control field: GE_BSU
005 - DATE AND TIME OF LATEST TRANSACTION
- control field: 20200622121225.0
008 - FIXED-LENGTH DATA ELEMENTS
- fixed length control field: 200622|| aca||aabn | a|a d
040 ## - CATALOGING SOURCE
- Original cataloging agency: GE_BSU
- Transcribing agency: GE_BSU
100 ## - HEADING--PERSONAL NAME
- Personal name: Karram, Mickey M.
670 ## - SOURCE DATA FOUND
- Source citation: Work cat.: (GE_BSU)0: Baggish, Michael S. 8633, Atlas of pelvic anatomy and gynecologic surgery /, c2016.
